| 000 | 00755cam a2200253 a 4500 | ||
|---|---|---|---|
| 001 | 3823 | ||
| 005 | 20240515115728.0 | ||
| 020 | _a9780531147672 | ||
| 040 |
_aDLC _cDLC _dDLC _beng |
||
| 050 | 1 | 0 |
_aQB671.T235 _b2008 |
| 082 | 0 | 0 | _a523.46 |
| 100 | 1 | _aTaylor-Butler, Christine | |
| 245 | 1 | 0 |
_aSaturn / _cby Christine Taylor-Butler |
| 260 |
_aNew York : _bChildren's Press, _c2008 |
||
| 300 |
_a24 pages : _bcolor illustrations ; _c21 cm. |
||
| 490 | _a Scholastic News Nonfiction Readers | ||
| 505 | 0 | _aM | |
| 520 | _aA basic introduction to the planet Saturn. | ||
| 521 |
_a550
_bLexile |
||
| 521 |
_aM
_bRaz-Plus |
||
| 650 |
_aSaturn _vJuvenile Literature |
||
| 906 |
_a7 _bcbc _corignew _d1 _eecip _f20 _gy-gencatlg |
||
| 942 |
_2ddc _cBK _n0 |
||
| 999 |
_c3823 _d3823 |
||